| 000 | 01057naa a22002897a 4500 | ||
|---|---|---|---|
| 001 | BR9512100 | ||
| 003 | BR-BrBNA | ||
| 005 | 20240918181446.0 | ||
| 007 | ta | ||
| 008 | 230509b bl.||||| |||| 00| 0 por d | ||
| 040 |
_aBR-BrBNA _bpor _cBiblioteca Nacional de Agricultura |
||
| 041 | _a(Pt) | ||
| 072 |
_aH20 _b0180 _b4120 _b3875 |
||
| 090 | _aH20 BR9512100 | ||
| 100 | 1 | _aNeto, N. | |
| 100 | 1 | _aSartori, J.F. | |
| 245 | 1 | _aCompeticao de fungicidas no controle de molestias fungicas em seis cultivares de trigo | |
| 260 | 3 |
_aCruz Alta, RS (Brasil): _c1978. |
|
| 500 | _aResultados de pesquisa com trigo e triticale obtidos pela FECOTRIGO em 1978. Vol. 2 - Sanidade Cruz Alta, RS (Brasil): 1978. p. 41-48 (BR9512100-AM)H20 | ||
| 650 | _aTrigo | ||
| 650 | _aFungo | ||
| 650 | _aFungicida | ||
| 650 | _aVariedade | ||
| 773 | 0 |
_tResultados de pesquisa com trigo e triticale obtidos pela FECOTRIGO em 1978. Vol. 2 - Sanidade _wH20 BR9512100 _gCruz Alta, RS (Brasil), 1978. p. 41-48 |
|
| 909 |
_a202404 _bLucia _c55 _dLucia Elande |
||
| 942 |
_cAM _2AGRIS |
||
| 999 |
_c325360 _d325360 |
||